| 000 | 00415 a2200157 4500 | ||
|---|---|---|---|
| 001 | 85795 | ||
| 020 | _a9780071158381 | ||
| 082 | _a629.13236 NEL | ||
| 090 |
_c40211 _d40210 |
||
| 100 | _aRobert C Nelson | ||
| 245 |
_aFlight Stability and Automatic Control 2nd/ed _cRobert C Nelson |
||
| 250 | _a2 nd | ||
| 260 |
_aSingapore _bMcGraw-Hill _c1998 |
||
| 300 | _axii 441 p | ||
| 500 | _aAerospace Textbook | ||
| 942 |
_aNUST-CAE _k629.13236 NEL _cAE |
||
| 999 |
_c320868 _d320868 |
||